System states and requirements of reactive maintenance

Enregistré dans:
Détails bibliographiques
Auteur principal: Daneshjo, Naqibullah, 1964-
Autres auteurs: Kravec, Michal, 1986-
Format: Chapitre de livre
Langue:anglais
Tags: Ajouter un tag
Pas de tags, Soyez le premier à ajouter un tag!

MARC

LEADER 00000naa$a2200000$$$4500
001 0201013
005 20240502073409.4
041 0 |a eng 
044 |a SK 
245 1 0 |a System states and requirements of reactive maintenance  |c Naqibullah Daneshjo, Michal Kravec 
500 |a Abstrakt 
100 1 |a Daneshjo, Naqibullah, 1964- 
700 1 |a Kravec, Michal, 1986-